Tratado de Derecho Procesal Penal
Sparad:
| Huvudupphovsman: | |
|---|---|
| Materialtyp: | Bok |
| Språk: | spanska |
| Publicerad: |
Pamplona
Aranzadi
2009
|
| Upplaga: | 3a. ed |
| Ämnen: | |
| Taggar: |
Lägg till en tagg
Inga taggar, Lägg till första taggen!
|
MARC
| LEADER | 00000nam a2200000 a 4500 | ||
|---|---|---|---|
| 001 | UCH4513 | ||
| 003 | CL-VaPUC | ||
| 008 | 090820e20090000SP |||||||||||||||||spa|d | ||
| 020 | |a 9788499031705 | ||
| 082 | 0 | 4 | |a 345.05 |b LOP |2 21 |
| 100 | |a López Barja de Quiroga, Jacobo |e autor |9 602831 | ||
| 245 | 1 | 0 | |a Tratado de Derecho Procesal Penal |
| 250 | |a 3a. ed | ||
| 300 | |a 1878 p | ||
| 942 | |c BK | ||
| 945 | |d 20090820 00:00:00 |a dcastane | ||
| 260 | |a Pamplona |b Aranzadi |c 2009 | ||
| 650 | 0 | |a Derecho procesal penal |9 256392 | |
| 650 | 7 | |a DERECHO PENAL |2 CL-VaPUC |9 11 | |
| 650 | 0 | |a Procedimiento penal |9 254974 | |
| 650 | 0 | |a Jurisprudencia |9 255952 | |
| 650 | 0 | |a Derecho comparado |9 255664 | |
| 583 | |a last modification |c 20130608 04:30:56 |k Rodrigo Vera | ||
| 999 | |c 335804 |d 335802 | ||
| 952 | |0 0 |1 0 |4 0 |6 345_050000000000000_LOP_2009 |7 0 |8 A |9 426526 |a BIBDER |b BIBDER |d 2019-11-22 |i 4590074 |o 345.05 LOP 2009 |p 4590074 |r 2019-11-22 |w 2019-11-22 |y BK |k DER | ||